Memoria sobre la propiedad eclesiástica, riqueza pública destruida y víctimas hechas por los demagogos de 858 hasta junio de 863 /

Uloženo v:
Podrobná bibliografie
Hlavní autor: R.G.H (autor)
Médium: Kniha
Jazyk:španělština
Vydáno: México : Jus, 1969, c1969
Tagy: Přidat tag
Žádné tagy, Buďte první, kdo vytvoří štítek k tomuto záznamu!

MARC

LEADER 00000nam^a2200000^a^4500
001 000621309
005 20250925000000.0
009 20260310133856.131
037 |a Acervo ITESO - Biblioteca 
041 |a ESP 
091 |a FOB. 01882 
100 |a R.G.H.  |e (autor) 
245 1 0 |a Memoria sobre la propiedad eclesiástica, riqueza pública destruida y víctimas hechas por los demagogos de 858 hasta junio de 863 / 
264 4 |a México :  |b Jus,  |c 1969, c1969 
300 |a 91 p. 
336 |a texto  |b txt  |2 rdacontenido 
337 |a sin mediación  |b n  |2 rdamedio 
338 |a volumen  |b nc  |2 rdasoporte 
649 |a XX 
910 |a Fondo Carlos de Obeso Orendain 
920 |a Impresos - Libros 
930 |a Fondos Especiales 
905 |a 147 
901 |a 621309-10  |b IT2  |c ESP  |i D  |u 20250925 
902 |a https://opac.biblio.iteso.mx/vufind/Record/000621309